Flexible Working Arrangement (FWA) Model: Reducing Congestion Levels and Work Stress and Increasing Work Productivity

Rozbor vplyvu flexibilnej práce systému usporiadania (FWA) pri znižovaní dopravných zápch, znižovaní pracovného stresu a zvýšení produktivity práce.

Uložené v:
Podrobná bibliografia
Hlavný autor: Sultan, Zulkifli
Ďalší autori: Fachmi, Muhammad, Klimko, Roman, 1985-
Médium: Kapitola
Jazyk:English
Predmet:
Tagy: Pridať tag
Žiadne tagy, Buďte prvý, kto otaguje tento záznam!

MARC

LEADER 00000naa a2200000 4500
001 0304718
005 20241023091925.5
041 0 |a eng 
044 |a ID 
245 1 0 |a Flexible Working Arrangement (FWA) Model: Reducing Congestion Levels and Work Stress and Increasing Work Productivity  |c Zulkifli Sultan, Muhammad Fachmi, Roman Klimko 
520 |a Rozbor vplyvu flexibilnej práce systému usporiadania (FWA) pri znižovaní dopravných zápch, znižovaní pracovného stresu a zvýšení produktivity práce. 
610 2 0 |a práca 
610 2 0 |a práca flexibilná 
610 2 0 |a doprava 
610 2 0 |a stresy 
610 2 0 |a produktivita práce 
610 2 0 |a modely 
610 2 0 |a zvyšovanie produktivity 
100 1 |a Sultan, Zulkifli 
700 1 |a Fachmi, Muhammad 
700 1 |a Klimko, Roman, 1985-